000 01221naa a22003137a 4500
001 BR9607003
003 BR-BrBNA
005 20240918181557.0
007 ta
008 230509b bl.||||| |||| 00| 0 por d
040 _aBR-BrBNA
_bpor
_cBiblioteca Nacional de Agricultura
041 _a(Pt)
072 _aE16
090 _aE16 BR9607003
100 1 _aSchmitz, H.
100 1 _aSimoes, A.
100 1 _aQuantz, B.
100 1 _aGuimaraes, J.R. dos S.
111 1 _a2. Encontro da Sociedade Brasileira de Sistemas de Producao
_cLondrina, PR (Brazil)
_d21-23 Nov 1995
245 1 _aDesenvolvimento participativo de tecnologias no processo da intensificacao na regiao da Transamazonica: do diagnostico a acao
260 3 _aLondrina, PR (Brasil):
_c1995.
500 _a2. Encontro da Sociedade Brasileira de Sistemas de Producao. Anais Londrina, PR (Brasil): 1995. p. 220-236 (BR9607003-AM)E16
650 _aAgricultura Sustentavel
650 _aSistema de Producao
650 _aMecanizacao Agricola
773 0 _t2. Encontro da Sociedade Brasileira de Sistemas de Producao. Anais
_wE16 BR9607003
_gLondrina, PR (Brasil), 1995. p. 220-236
909 _a202404
_bLucia
_c55
_dLucia Elande
942 _cAM
_2AGRIS
999 _c325917
_d325917